Устав о воинской повинности. Ч. 2: Отдел приложений, содержащий инструкции, правила, наставления и циркулярные Правительственные распоряжения, изданные по 1 июля 1913 г. подлежащими ведомствами на основании некоторых статей Устава о воинской повинности (Запись № 4979767)

Подробности
000 -МАРКЕР
контрольное поле 01469nam2a22002291 4500
001 - ИДЕНТИФИКАТОР ЗАПИСИ
контрольное поле v19\rc\2090161
005 - ИДЕНТИФИКАТОР ВЕРСИИ
контрольное поле 20250620035504.0
035 ## - ДРУГИЕ СИСТЕМНЫЕ НОМЕРА
Идентификатор записи (NLR Aleph) 005160202
100 ## - ДАННЫЕ ОБЩЕЙ ОБРАБОТКИ
Данные общей обработки 20081218d1913 |||y0rusy50 ca
101 0# - ЯЗЫК РЕСУРСА
Язык текста, звукозаписи и т.д. русский
102 ## - СТРАНА ПУБЛИКАЦИИ ИЛИ ПРОИЗВОДСТВА
Страна публикации Российская Федерация
105 ## - ПОЛЕ КОДИРОВАННЫХ ДАННЫХ: ТЕКСТОВЫЕ МАТЕРИАЛЫ, МОНОГРАФИЧЕСКИЕ
Кодированные данные о монографическом текстовом документе y z |||||
200 1# - ЗАГЛАВИЕ И СВЕДЕНИЯ ОБ ОТВЕТСТВЕННОСТИ
Основное заглавие Отдел приложений, содержащий инструкции, правила, наставления и циркулярные Правительственные распоряжения, изданные по 1 июля 1913 г. подлежащими ведомствами на основании некоторых статей Устава о воинской повинности
210 ## - ПУБЛИКАЦИЯ, РАСПРОСТРАНЕНИЕ И ДР.
Место изготовления Вологда
Место издания, распространения и т.д. Б. м.
215 ## - ФИЗИЧЕСКАЯ ХАРАКТЕРИСТИКА
Специфическое обозначение материала и объем VIII, 660 с.
461 #0 - УРОВЕНЬ НАБОРА
Встроенное поле 001v19\rc\2090159
-- 2001#$aУстав о воинской повинности$e(Свод. зак., т. IV, изд. 1897 г. и по Прод. 1912 г.)$fСост. А.П. Тютчев$vЧ. 2
-- 700#1$aТютчев$bА.П.$4220
Системный номер (АБИС) связанной записи 4979751
Автор Тютчев, А.П.
Место публикации Санкт-Петербург
Дата публикации 1913
Издание Неофиц. изд. Ч. [1]-2
Первые сведения об ответственности Сост. А.П. Тютчев
Имя издателя, распространителя и т.д. Юрид. кн. маг. В.А. Анисимова
Сведения, относящиеся к заглавию (Свод. зак., т. IV, изд. 1897 г. и по Прод. 1912 г.)
Физическая характеристика 2 т.
Заглавие Устав о воинской повинности
Номер тома Ч. 2
801 #0 - ИСТОЧНИК ЗАПИСИ
Страна Российская Федерация
Организация NLR
Правила каталогизации psbo
801 #1 - ИСТОЧНИК ЗАПИСИ
Страна Российская Федерация
Организация ProSoft-M
Источник данных rusmarc
852 ## - МЕСТОНАХОЖДЕНИЕ И ШИФР ХРАНЕНИЯ
Идентификатор организации NLR
Шифр хранения (Call Number) 37.44.8.10
942 ## - ДОПОЛНИТЕЛЬНЫЕ ЭЛЕМЕНТЫ ЗАПИСИ (АБИС)
Тип экземпляра АБИС Книга
980 ## - КОЛЛЕКЦИЯ
Название коллекции Национальная библиография
Экземпляры
Тип экземпляра Дата поступления Библиотека постоянного хранения Библиотека текущего хранения Место хранения Шифр хранения Штрих-код Статус экземпляра
Книга 26.10.2013 РНБ (Садовая) РНБ (Садовая) Русский книжный фонд -Главное здание, Ленинский читальный зал 37.44.8.10 5160202-10